[Event "Copenhagen Chess Challenge 2015"]
[Site "Ballerup"]
[Date "2015.??.??"]
[Round "6"]
[White "Risting, Eivind Olav"]
[Black "Tandrup, Michael"]
[Result "1-0"]
[WhiteElo "2107"]
[BlackElo "1963"]
[PlyCount "81"]
[EventDate "2015.??.??"]
[EventType "swiss"]
[EventRounds "9"]
[EventCountry "DEN"]

1. e4 c5 2. b3 Nc6 3. Bb2 d6 4. Bb5 Bd7 5. Ne2 Nf6 6. d3 e5 7. Bxc6 Bxc6 8. f4
exf4 9. Nxf4 Be7 10. O-O O-O 11. Nd2 b5 12. Qe1 Qd7 13. h3 d5 14. e5 Ne8 15.
Qg3 d4 16. Rae1 Bd5 17. Ne4 Bxe4 18. Rxe4 Nc7 19. Nh5 g6 20. Nf6+ Bxf6 21. Rxf6
Ne6 22. Qh4 a5 23. Qh6 Rfc8 24. Bc1 a4 25. Rh4 Nf8 26. Bg5 Qd5 27. Rf5 f6 28.
Bxf6 Ra7 29. Rf2 Rf7 30. Re4 axb3 31. axb3 Ne6 32. h4 Ng7 33. Bxg7 Rxg7 34. Rf6
Re8 35. Qg5 Rge7 36. Rd6 Qf7 37. Rf4 Qg7 38. e6 h6 39. Qxc5 Rf8 40. Rxf8+ Qxf8
41. Qxd4 1-0

[Event "Copenhagen Chess Challenge 2015"]
[Site "Ballerup"]
[Date "2015.??.??"]
[Round "6"]
[White "Hansen, Alex Mehr"]
[Black "Brondal, Paul"]
[Result "1/2-1/2"]
[WhiteElo "1958"]
[BlackElo "2103"]
[PlyCount "155"]
[EventDate "2015.??.??"]
[EventType "swiss"]
[EventRounds "9"]
[EventCountry "DEN"]

1. e4 c6 2. d4 d5 3. e5 Bf5 4. Bd3 Bxd3 5. Qxd3 e6 6. Nf3 Qa5+ 7. Bd2 Qa6 8.
Qxa6 Nxa6 9. O-O Ne7 10. a3 c5 11. Nc3 Nc6 12. Nb5 cxd4 13. Nbxd4 Nc5 14. Nxc6
bxc6 15. Be3 Be7 16. Nd4 Kd7 17. b4 Na4 18. Nb3 Rhc8 19. Rfc1 Nb2 20. f4 Nc4
21. Bc5 Bd8 22. Kf2 a5 23. c3 a4 24. Nd4 Nd2 25. Ke2 Ne4 26. Bf8 g6 27. Bg7 Bb6
28. Nf3 c5 29. Nd2 Nxd2 30. Kxd2 cxb4 31. cxb4 Bd4 32. Rxc8 Rxc8 33. Ra2 Rc4
34. Bh6 Kc6 35. Bg5 Kb5 36. Bh4 Bxe5 37. fxe5 Rxh4 38. h3 Rf4 39. Kd3 Rf1 40.
Rc2 Ra1 41. Rc5+ Kb6 42. Rc3 Ra2 43. g4 Rh2 44. Kd4 Re2 45. Re3 Rf2 46. Kd3 Kb5
47. Kd4 Rd2+ 48. Rd3 Re2 49. Rf3 Re4+ 50. Kd3 Rxe5 51. Rxf7 h5 52. Ra7 hxg4 53.
hxg4 Rg5 54. Ra5+ Kb6 55. Rxa4 Rxg4 56. Ra8 e5 57. Ra5 Rd4+ 58. Ke3 g5 59. Rc5
g4 60. Rc8 Rf4 61. Re8 Rf3+ 62. Ke2 e4 63. a4 Ra3 64. Re6+ Kc7 65. a5 g3 66.
Rg6 Rb3 67. Rg5 g2 68. Rxg2 Rb2+ 69. Kf1 Rxg2 70. Kxg2 Kc6 71. Kf2 d4 72. Ke2
Kb5 73. Kd2 d3 74. Kc3 Kc6 75. Kd2 Kb5 76. Kc3 Ka6 77. Kd2 Kb5 78. Kc3 1/2-1/2

[Event "Copenhagen Chess Challenge 2015"]
[Site "Ballerup"]
[Date "2015.??.??"]
[Round "6"]
[White "Kyrkjebo, Erlend"]
[Black "Kistrup, Nicolai"]
[Result "1/2-1/2"]
[WhiteElo "2074"]
[BlackElo "1942"]
[PlyCount "83"]
[EventDate "2015.??.??"]
[EventType "swiss"]
[EventRounds "9"]
[EventCountry "DEN"]

1. d4 Nf6 2. Nc3 d5 3. f3 c5 4. e4 dxe4 5. Bb5+ Bd7 6. dxc5 Qa5 7. Qe2 Nc6 8.
fxe4 Nd4 9. Bxd7+ Nxd7 10. Qf2 e5 11. Be3 Bxc5 12. O-O-O Nf6 13. Kb1 Ng4 14.
Qg3 Nxe3 15. Qxe3 O-O 16. Qg3 f6 17. Nf3 Nxf3 18. Qxf3 Rf7 19. Nd5 b5 20. g4 b4
21. Rhf1 Raf8 22. Qb3 Kh8 23. Rd3 Qb5 24. Rdf3 a5 25. a4 Qe2 26. Qd3 Qxd3 27.
cxd3 Rc8 28. Rc1 Rff8 29. b3 h6 30. Rff1 Bd6 31. Nb6 Rc3 32. Rxc3 bxc3 33. Nd5
Rc8 34. Rc1 Bb4 35. Kc2 Kh7 36. Nxb4 axb4 37. Ra1 Kg6 38. h4 h5 39. Rg1 hxg4
40. Rxg4+ Kh6 41. h5 Rc7 42. Rh4 1/2-1/2

[Event "Copenhagen Chess Challenge 2015"]
[Site "Ballerup"]
[Date "2015.??.??"]
[Round "6"]
[White "Pallesen, Jacob"]
[Black "Yildiz, Hasan"]
[Result "1-0"]
[WhiteElo "2059"]
[BlackElo "1931"]
[PlyCount "135"]
[EventDate "2015.??.??"]
[EventType "swiss"]
[EventRounds "9"]
[EventCountry "DEN"]

1. g3 e6 2. Bg2 Nf6 3. d3 d5 4. Nd2 b6 5. b3 Bb7 6. Bb2 Nbd7 7. e3 c5 8. Ne2
Qc7 9. O-O Bd6 10. c4 h5 11. cxd5 exd5 12. d4 h4 13. Rc1 hxg3 14. hxg3 Rh7 15.
dxc5 bxc5 16. Nd4 Ba6 17. Re1 Ne5 18. Nf5 Nd3 19. Nxd6+ Qxd6 20. e4 Nd7 21.
exd5+ Kf8 22. Be4 Rh3 23. Bxg7+ Kxg7 24. Qg4+ Kf8 25. Qxh3 Nxc1 26. Qh8+ Ke7
27. Bd3+ Ne5 28. Rxe5+ Kd7 29. Bf5+ Kc7 30. Qg7 Ne2+ 31. Kh2 Qf8 32. d6+ Kc6
33. Qxf8 Rxf8 34. d7 Rh8+ 35. Kg2 Rd8 36. Re7 Nd4 37. Be4+ Kd6 38. Rxf7 Bb5 39.
Nc4+ Ke6 40. Rh7 Bxd7 41. f4 Ne2 42. Ne5 Nc3 43. Bf3 Nxa2 44. Bg4+ Kf6 45. Rxd7
Rb8 46. Rxa7 Rxb3 47. Rxa2 Rb7 48. Nd7+ Ke7 49. Nxc5 Rc7 50. Nd3 Kf6 51. Ra6+
Kg7 52. Ne5 Rc2+ 53. Kh3 Rc7 54. Rg6+ Kf8 55. Rd6 Rh7+ 56. Kg2 Ke8 57. Rd7 Rh6
58. Ra7 Rb6 59. Bf5 Rb2+ 60. Kf3 Rb3+ 61. Kg4 Rc3 62. Kh4 Rb3 63. g4 Rb4 64.
Kg5 Rb6 65. Nd7 Rd6 66. Nf6+ Kf8 67. Ra8+ Kf7 68. Bg6+ 1-0

[Event "Copenhagen Chess Challenge 2015"]
[Site "Ballerup"]
[Date "2015.??.??"]
[Round "6"]
[White "Surender, Anil"]
[Black "Dijkhuis, Oele"]
[Result "1-0"]
[WhiteElo "2056"]
[BlackElo "1568"]
[PlyCount "91"]
[EventDate "2015.??.??"]
[EventType "swiss"]
[EventRounds "9"]
[EventCountry "DEN"]

1. g3 Nf6 2. Bg2 g6 3. e4 d6 4. d3 Bg7 5. Ne2 O-O 6. O-O c6 7. f4 Ng4 8. h3
Qb6+ 9. d4 Nf6 10. Kh1 c5 11. c3 e6 12. e5 dxe5 13. fxe5 Nfd7 14. Na3 cxd4 15.
cxd4 Nc6 16. Nc4 Qc7 17. b3 f6 18. Ba3 Re8 19. Nd6 Rd8 20. d5 Ncxe5 21. Rc1 Qa5
22. dxe6 Qxa3 23. e7 Re8 24. Qd5+ Kh8 25. Nxe8 Qxe7 26. Nd6 Nb6 27. Nxc8 Rxc8
28. Rxc8+ Nxc8 29. Qxb7 Qxb7 30. Bxb7 Nd6 31. Rc1 h5 32. Rc7 Nb5 33. Rc8+ Kh7
34. Ba6 Nd6 35. Rc7 g5 36. Rxa7 f5 37. Nd4 Kg6 38. Ne6 Bh6 39. Nc5 g4 40. Re7
Be3 41. Re6+ Kf7 42. Rxe5 Bxc5 43. Rxc5 Ne4 44. Rxf5+ Kg6 45. hxg4 hxg4 46. Rf4
1-0

[Event "Copenhagen Chess Challenge 2015"]
[Site "Ballerup"]
[Date "2015.??.??"]
[Round "6"]
[White "Sorensen, Bernhard W"]
[Black "Andersen, Daniel"]
[Result "1-0"]
[WhiteElo "1648"]
[BlackElo "1870"]
[PlyCount "53"]
[EventDate "2015.??.??"]
[EventType "swiss"]
[EventRounds "9"]
[EventCountry "DEN"]

1. d4 Nf6 2. Bf4 g6 3. e3 Bg7 4. Nf3 c5 5. c3 cxd4 6. exd4 d5 7. Bd3 Nc6 8.
Nbd2 O-O 9. O-O a6 10. a4 Ne8 11. Re1 Nd6 12. Qb3 e6 13. Nf1 Re8 14. Ng3 Bf8
15. h4 Na5 16. Qc2 f5 17. h5 Bd7 18. hxg6 hxg6 19. Ne5 Kg7 20. Qc1 Nb3 21. Qd1
Nxa1 22. Nxg6 Nf7 23. Qh5 Be7 24. Ne5 Nxe5 25. Qh6+ Kf7 26. Qh7+ Kf8 27. Bh6#
1-0

[Event "Copenhagen Chess Challenge 2015"]
[Site "Ballerup"]
[Date "2015.??.??"]
[Round "6"]
[White "Petrovski, Petruli"]
[Black "Kokholm, Daniel"]
[Result "1/2-1/2"]
[WhiteElo "1849"]
[BlackElo "1913"]
[PlyCount "46"]
[EventDate "2015.??.??"]
[EventType "swiss"]
[EventRounds "9"]
[EventCountry "DEN"]

1. Nf3 d6 2. g3 f5 3. Bg2 Nf6 4. d3 g6 5. O-O Bg7 6. Nbd2 O-O 7. c3 c6 8. e4
fxe4 9. dxe4 e5 10. Qb3+ Kh8 11. Ng5 Qe7 12. f4 h6 13. fxe5 dxe5 14. Nh3 Be6
15. Qb4 c5 16. Qa3 Nc6 17. Nf2 a5 18. b3 b5 19. Nf3 Rfd8 20. Be3 Bf8 21. Qc1
Kh7 22. Qc2 Rd7 23. Nd3 c4 1/2-1/2

[Event "Copenhagen Chess Challenge 2015"]
[Site "Ballerup"]
[Date "2015.??.??"]
[Round "6"]
[White "Klofsrud, August"]
[Black "Orio, Lars"]
[Result "1/2-1/2"]
[WhiteElo "1590"]
[BlackElo "1878"]
[PlyCount "37"]
[EventDate "2015.??.??"]
[EventType "swiss"]
[EventRounds "9"]
[EventCountry "DEN"]

1. d4 Nf6 2. c4 g6 3. Nc3 d5 4. Nf3 Bg7 5. Bf4 O-O 6. e3 c6 7. cxd5 Nxd5 8.
Nxd5 Qxd5 9. Ne5 Qa5+ 10. Qd2 Qxd2+ 11. Kxd2 Nd7 12. Nxd7 Bxd7 13. b4 Rfe8 14.
a4 e5 15. Bxe5 Bxe5 16. dxe5 Rxe5 17. Bc4 Rd8 18. Kc3 Bf5 19. Rhd1 1/2-1/2

[Event "Copenhagen Chess Challenge 2015"]
[Site "Ballerup"]
[Date "2015.??.??"]
[Round "6"]
[White "Fossan, Andreas"]
[Black "Hentley, Darryl"]
[Result "1-0"]
[WhiteElo "1873"]
[BlackElo "1383"]
[PlyCount "65"]
[EventDate "2015.??.??"]
[EventType "swiss"]
[EventRounds "9"]
[EventCountry "DEN"]

1. d4 d5 2. c4 dxc4 3. e3 b5 4. a4 Bd7 5. axb5 Bxb5 6. b3 e5 7. bxc4 Bd7 8. d5
c6 9. Nf3 Bg4 10. Be2 e4 11. Nd4 Bxe2 12. Nxe2 Bb4+ 13. Nbc3 cxd5 14. cxd5 Qd6
15. O-O Bxc3 16. Nxc3 Nd7 17. Nxe4 Qg6 18. Qa4 f5 19. Nc5 Ngf6 20. Ba3 Qf7 21.
Rfd1 Nxd5 22. Nxd7 Qxd7 23. Qxd7+ Kxd7 24. Rxd5+ Ke6 25. Rd6+ Kf7 26. Rb1 Rhc8
27. Rb7+ Ke8 28. Rdd7 Rc6 29. Rxg7 Rg6 30. Rxh7 Rg8 31. Bb4 Kd8 32. Ba5+ Ke8
33. Rbe7+ 1-0

[Event "Copenhagen Chess Challenge 2015"]
[Site "Ballerup"]
[Date "2015.??.??"]
[Round "6"]
[White "Svensson, Gert1"]
[Black "Marthedal, Anton Mehmet Yildiz"]
[Result "0-1"]
[WhiteElo "1880"]
[BlackElo "1722"]
[PlyCount "60"]
[EventDate "2015.??.??"]
[EventType "swiss"]
[EventRounds "9"]
[EventCountry "DEN"]

1. d4 b6 2. c4 Nf6 3. Nc3 Bb7 4. Bg5 e6 5. e4 h6 6. Bxf6 gxf6 7. d5 Bg7 8. f4
Na6 9. Nf3 Nc5 10. b4 f5 11. e5 Ne4 12. Rc1 Qe7 13. Qb3 a5 14. a3 axb4 15. axb4
Nxc3 16. Rxc3 Ra1+ 17. Kd2 O-O 18. Rc1 Rfa8 19. Rxa1 Rxa1 20. Nd4 exd5 21. cxd5
Bxd5 22. Nxf5 Qxe5 23. fxe5 Bxb3 24. Nxg7 Kxg7 25. Kc3 Ba4 26. g4 Bc6 27. Rg1
Bb5 28. Bxb5 Rxg1 29. Bxd7 Re1 30. Kd4 Rd1+ 0-1

[Event "Copenhagen Chess Challenge 2015"]
[Site "Ballerup"]
[Date "2015.??.??"]
[Round "6"]
[White "Pawlak, Wojciech Zbigniew"]
[Black "Kallenbach, Uffe"]
[Result "0-1"]
[WhiteElo "1754"]
[BlackElo "1641"]
[PlyCount "102"]
[EventDate "2015.??.??"]
[EventType "swiss"]
[EventRounds "9"]
[EventCountry "DEN"]

1. c4 Nf6 2. g3 e6 3. Bg2 d5 4. Nf3 Nbd7 5. cxd5 exd5 6. Nc3 c6 7. O-O Be7 8.
d3 O-O 9. a3 Re8 10. Re1 Nf8 11. Qc2 Bg4 12. Ne5 Be6 13. b4 Rc8 14. d4 Ng4 15.
Nf3 b6 16. h3 Nf6 17. Na4 Ne4 18. Nc3 f5 19. Nxe4 fxe4 20. Ne5 c5 21. bxc5 bxc5
22. Qa4 Qc7 23. Bf4 Bd6 24. Rec1 c4 25. f3 exf3 26. Bxf3 Nd7 27. e4 Bxe5 28.
Bxe5 Nxe5 29. dxe5 Qxe5 30. Kg2 dxe4 31. Be2 Qc5 32. Rc3 Rf8 33. Rf1 Rxf1 34.
Bxf1 Qd4 35. Rc2 e3 36. Kh2 Rf8 37. Bg2 h6 38. Qc6 Qe5 39. Re2 Rf2 40. Rxf2
exf2 41. Qe8+ Kh7 42. Qc6 Bd5 43. Bxd5 f1=Q 44. Be4+ Kg8 45. Bd5+ Kf8 46. Qc8+
Ke7 47. Qb7+ Kd8 48. Qa8+ Kd7 49. Qxa7+ Qc7 50. Be6+ Kd6 51. Bg4 Qxa7 0-1

[Event "Copenhagen Chess Challenge 2015"]
[Site "Ballerup"]
[Date "2015.??.??"]
[Round "6"]
[White "Aladiyur Paramasivan, Dharanidar"]
[Black "Nielsen, Thomas (1994)"]
[Result "1/2-1/2"]
[WhiteElo "1427"]
[BlackElo "1670"]
[PlyCount "135"]
[EventDate "2015.??.??"]
[EventType "swiss"]
[EventRounds "9"]
[EventCountry "DEN"]

1. d4 e6 2. Nf3 d5 3. c4 Nf6 4. Nc3 c5 5. e3 cxd4 6. exd4 Bb4 7. a3 Bxc3+ 8.
bxc3 Ne4 9. Bd3 Nxc3 10. Qc2 dxc4 11. Qxc3 cxd3 12. Qxd3 Nc6 13. O-O O-O 14.
Re1 Re8 15. Bb2 e5 16. Qc3 exd4 17. Rxe8+ Qxe8 18. Nxd4 Nxd4 19. Qxd4 f6 20.
Bc3 Bf5 21. Re1 Qd7 22. Qxd7 Bxd7 23. f3 Rc8 24. Re3 Kf7 25. Kf2 Rc4 26. Ke2
Rh4 27. h3 Bb5+ 28. Kf2 Rc4 29. g3 Rc6 30. f4 g6 31. h4 f5 32. Ke1 Ba4 33. Kd2
Rd6+ 34. Kc1 Bc6 35. Kc2 Be4+ 36. Kb2 Ke6 37. Bb4 Rc6 38. Rc3 Rb6 39. Kc1 Rb5
40. Kb2 a5 41. Rc5 Rxc5 42. Bxc5 Kd5 43. Bb6 a4 44. Kc3 Bb1 45. Bd8 Ke4 46. Kc4
Kf3 47. Kc5 Kxg3 48. Bg5 h6 49. Bxh6 Kxh4 50. Bg5+ Kg4 51. Kb6 Be4 52. Kb5 Bc6+
53. Kb6 Kf3 54. Kc5 Ke4 55. Kc4 Bd7 56. Bh6 Be8 57. Bg5 b5+ 58. Kb4 Kd5 59. Bh6
Ke6 60. Bg5 Kf7 61. Kc5 Ke6 62. Kd4 Kd6 63. Kc3 Kc5 64. Be7+ Kd5 65. Kb4 Kd4
66. Bf6+ Kd5 67. Bg5 Bd7 68. Bf6 1/2-1/2

[Event "Copenhagen Chess Challenge 2015"]
[Site "Ballerup"]
[Date "2015.??.??"]
[Round "7"]
[White "Johansen, Johnny Holler"]
[Black "Sorensen, Per Settergren"]
[Result "0-1"]
[WhiteElo "1879"]
[BlackElo "2049"]
[PlyCount "100"]
[EventDate "2015.??.??"]
[EventType "swiss"]
[EventRounds "9"]
[EventCountry "DEN"]

1. e4 e5 2. Nf3 Nc6 3. d4 exd4 4. Nxd4 Nf6 5. Nc3 Bb4 6. Nxc6 bxc6 7. Bd3 d5 8.
exd5 cxd5 9. O-O O-O 10. Ne2 Re8 11. Bf4 Bc5 12. Ng3 Bg4 13. Qd2 Qd7 14. Rfe1
Bb6 15. Rxe8+ Rxe8 16. Re1 Be6 17. Bg5 Ng4 18. Re2 h6 19. Bf4 c5 20. c4 Rd8 21.
b3 dxc4 22. Bxc4 Bxc4 23. Qxd7 Rxd7 24. bxc4 Rd1+ 25. Nf1 g5 26. Bg3 Rc1 27.
Re8+ Kh7 28. Re7 Kg6 29. h3 Nf6 30. Be5 Rxc4 31. g4 Rc1 32. Kg2 Nd5 33. Re8 f6
34. Bg3 c4 35. Nd2 c3 36. Ne4 c2 37. Rc8 Nc7 38. Nd6 Rg1+ 39. Kxg1 c1=Q+ 40.
Kh2 Qd1 41. Rg8+ Kh7 42. Rf8 Bc5 43. Rf7+ Kg8 44. Rxc7 Bxd6 45. Rxa7 Bxg3+ 46.
Kxg3 Qd3+ 47. f3 Qd6+ 48. Kg2 Qd2+ 49. Kg3 Qd4 50. Rb7 Qg1# 0-1

[Event "Copenhagen Chess Challenge 2015"]
[Site "Ballerup"]
[Date "2015.??.??"]
[Round "7"]
[White "Marinc, Damir"]
[Black "Fossan, Andreas"]
[Result "1/2-1/2"]
[WhiteElo "2021"]
[BlackElo "1873"]
[PlyCount "50"]
[EventDate "2015.??.??"]
[EventType "swiss"]
[EventRounds "9"]
[EventCountry "DEN"]

1. e4 c6 2. d4 d5 3. exd5 cxd5 4. Bd3 Qc7 5. Nc3 Nf6 6. Nge2 e6 7. O-O a6 8.
Bf4 Bd6 9. Qd2 Nc6 10. Bxd6 Qxd6 11. a3 O-O 12. f4 b5 13. b4 Rd8 14. Rad1 Qc7
15. Kh1 Bb7 16. Qe3 Ne7 17. Ng3 Rac8 18. Nb1 Ne4 19. Nd2 Nf5 20. Nxf5 exf5 21.
Nb3 Qd6 22. Nc5 Rc7 23. Kg1 Re8 24. Bxe4 dxe4 25. c3 Bd5 1/2-1/2

[Event "Copenhagen Chess Challenge 2015"]
[Site "Ballerup"]
[Date "2015.??.??"]
[Round "7"]
[White "Orio, Lars"]
[Black "Rewitz, Poul"]
[Result "0-1"]
[WhiteElo "1878"]
[BlackElo "2272"]
[PlyCount "90"]
[EventDate "2015.??.??"]
[EventType "swiss"]
[EventRounds "9"]
[EventCountry "DEN"]

1. e4 c6 2. d4 d5 3. e5 Nh6 4. Nf3 Bg4 5. h3 Bxf3 6. Qxf3 g6 7. Bd3 Na6 8. c3
Nc7 9. O-O Qd7 10. Nd2 Nf5 11. b4 h5 12. Nb3 Qc8 13. a4 e6 14. Re1 Be7 15. g3
b6 16. Bd2 Kf8 17. Nc1 c5 18. bxc5 bxc5 19. dxc5 Rb8 20. Be3 Kg7 21. Bd4 Na6
22. Bxa6 Qxa6 23. Qe2 Qc4 24. Qxc4 dxc4 25. Ne2 Rhc8 26. Reb1 Rxb1+ 27. Rxb1
Bxc5 28. Bxc5 Rxc5 29. Rb5 Rxb5 30. axb5 Kf8 31. g4 hxg4 32. hxg4 Ne7 33. Nd4
Ke8 34. b6 axb6 35. Nb5 Nc8 36. Na3 Kd7 37. Nxc4 Kc6 38. Ne3 Ne7 39. c4 Kc5 40.
f4 Nc6 41. Kf2 Na5 42. Ke2 Kd4 43. f5 Nxc4 44. fxg6 fxg6 45. Nc2+ Kc3 0-1

[Event "Copenhagen Chess Challenge 2015"]
[Site "Ballerup"]
[Date "2015.??.??"]
[Round "7"]
[White "Marthedal, Anton Mehmet Yildiz"]
[Black "Akdag, Dara Sevkan"]
[Result "0-1"]
[WhiteElo "1722"]
[BlackElo "2184"]
[PlyCount "26"]
[EventDate "2015.??.??"]
[EventType "swiss"]
[EventRounds "9"]
[EventCountry "DEN"]

1. d4 Nf6 2. Nf3 c5 3. c3 e6 4. Bf4 d5 5. e3 Be7 6. Bd3 Nbd7 7. Nbd2 b6 8. Ne5
Bb7 9. Qf3 Nxe5 10. dxe5 Nd7 11. Qg3 g5 12. Bxg5 Bxg5 13. f4 Bh4 0-1

[Event "Copenhagen Chess Challenge 2015"]
[Site "Ballerup"]
[Date "2015.??.??"]
[Round "7"]
[White "Tandrup, Michael"]
[Black "Sorensen, Bernhard W"]
[Result "1-0"]
[WhiteElo "1963"]
[BlackElo "1648"]
[PlyCount "45"]
[EventDate "2015.??.??"]
[EventType "swiss"]
[EventRounds "9"]
[EventCountry "DEN"]

1. e4 e6 2. d4 d5 3. Nc3 dxe4 4. Nxe4 Bd7 5. Nf3 Bc6 6. Bd3 Nd7 7. O-O Ngf6 8.
Ng3 Bd6 9. b3 O-O 10. Bb2 Bxf3 11. Qxf3 c6 12. Rfe1 Qc7 13. h3 Nd5 14. Ne4 Nb4
15. Rad1 Nxd3 16. Rxd3 Be7 17. Qd1 Nf6 18. Rf3 Nxe4 19. Rxe4 Rad8 20. Qe2 Rd7
21. Rxe6 fxe6 22. Qxe6+ Kh8 23. Qxe7 1-0

[Event "Copenhagen Chess Challenge 2015"]
[Site "Ballerup"]
[Date "2015.??.??"]
[Round "7"]
[White "Moe, Mogens"]
[Black "Petrovski, Petruli"]
[Result "1-0"]
[WhiteElo "2151"]
[BlackElo "1849"]
[PlyCount "75"]
[EventDate "2015.??.??"]
[EventType "swiss"]
[EventRounds "9"]
[EventCountry "DEN"]

1. e4 c5 2. Nf3 d6 3. d4 cxd4 4. Nxd4 Nf6 5. Nc3 a6 6. Bg5 e6 7. Bd3 Be7 8. Qf3
Qb6 9. Nb3 Nc6 10. Be3 Qc7 11. Qg3 Ne5 12. O-O g6 13. Bd4 O-O 14. f4 Nc6 15.
Be3 d5 16. e5 Nh5 17. Qf2 b5 18. a4 b4 19. Ne2 Bb7 20. a5 Qc8 21. g4 Ng7 22.
Bc5 f6 23. Bxe7 Nxe7 24. exf6 Rxf6 25. Qd4 Rf7 26. Qxb4 Nc6 27. Qb6 e5 28. fxe5
Qxg4+ 29. Ng3 Raf8 30. Rxf7 Rxf7 31. Rf1 Rxf1+ 32. Bxf1 Nf5 33. Be2 Qb4 34.
Qxb4 Nxb4 35. Nxf5 gxf5 36. c3 Nc6 37. Nc5 Nxa5 38. b4 1-0

[Event "Copenhagen Chess Challenge 2015"]
[Site "Ballerup"]
[Date "2015.??.??"]
[Round "7"]
[White "Yildiz, Hasan"]
[Black "Klofsrud, August"]
[Result "1-0"]
[WhiteElo "1931"]
[BlackElo "1590"]
[PlyCount "75"]
[EventDate "2015.??.??"]
[EventType "swiss"]
[EventRounds "9"]
[EventCountry "DEN"]

1. Nf3 c5 2. g3 g6 3. c3 Bg7 4. Bg2 Nc6 5. O-O d6 6. d3 Bd7 7. Re1 e6 8. e4
Nge7 9. Nbd2 O-O 10. Nc4 d5 11. Nd6 Qc7 12. Nb5 Qb6 13. Nd6 Qc7 14. Nb5 Qb6 15.
Na3 Qc7 16. Rb1 a6 17. Bf4 Qd8 18. Bd6 dxe4 19. dxe4 b6 20. Qd2 Re8 21. Rbd1
Nc8 22. Bxc5 bxc5 23. Qxd7 Qxd7 24. Rxd7 Rb8 25. Nc4 Re7 26. Red1 Kf8 27. Bf1
Rxd7 28. Rxd7 Ke8 29. Rc7 N8e7 30. Nd6+ Kf8 31. Nb7 Ne5 32. Nd2 a5 33. f4 N5c6
34. Nb3 e5 35. N3xc5 Ke8 36. Bb5 Bf8 37. Nd6+ Kd8 38. Rd7# 1-0

[Event "Copenhagen Chess Challenge 2015"]
[Site "Ballerup"]
[Date "2015.??.??"]
[Round "7"]
[White "Kokholm, Daniel"]
[Black "Kallenbach, Uffe"]
[Result "1-0"]
[WhiteElo "1913"]
[BlackElo "1641"]
[PlyCount "45"]
[EventDate "2015.??.??"]
[EventType "swiss"]
[EventRounds "9"]
[EventCountry "DEN"]

1. d4 d5 2. e4 c6 3. Nc3 g6 4. Be3 Bg7 5. Qd2 Nf6 6. f3 O-O 7. O-O-O Nbd7 8.
Bh6 b5 9. e5 Ne8 10. h4 Nb6 11. h5 Nc4 12. Bxc4 bxc4 13. Bxg7 Nxg7 14. hxg6
fxg6 15. Qh6 Be6 16. Qxh7+ Kf7 17. Rh6 Rh8 18. Qxg6+ Kg8 19. Rxh8+ Kxh8 20. g4
Rb8 21. Nh3 Qb6 22. Ng5 Qxb2+ 23. Kd2 1-0

[Event "Copenhagen Chess Challenge 2015"]
[Site "Ballerup"]
[Date "2015.??.??"]
[Round "7"]
[White "Vatnestrom, Leo Andreas Giske"]
[Black "Dijkhuis, Oele"]
[Result "1-0"]
[WhiteElo "1483"]
[BlackElo "1568"]
[PlyCount "67"]
[EventDate "2015.??.??"]
[EventType "swiss"]
[EventRounds "9"]
[EventCountry "DEN"]

1. e4 c5 2. Nf3 d6 3. d4 cxd4 4. Nxd4 Nf6 5. Nc3 g6 6. f3 Bg7 7. Be3 O-O 8. Qd2
Nc6 9. g4 d5 10. g5 Nh5 11. exd5 Nxd4 12. Bxd4 e5 13. Be3 f6 14. gxf6 Bxf6 15.
O-O-O Bd7 16. Bc4 Qc7 17. Bb3 Kh8 18. Ne4 Bg7 19. Rdf1 b5 20. d6 Qc8 21. Bd5
Bc6 22. Bxc6 Qxc6 23. Rf2 Nf4 24. h4 Rad8 25. Bxf4 exf4 26. h5 g5 27. h6 Be5
28. Qd3 Rf5 29. Rh5 Qb6 30. Rg2 Bf6 31. Nxg5 Rxg5 32. Rhxg5 Bxg5 33. Qc3+ Kg8
34. Qg7# 1-0

[Event "Copenhagen Chess Challenge 2015"]
[Site "Ballerup"]
[Date "2015.??.??"]
[Round "7"]
[White "Hentley, Darryl"]
[Black "Svensson, Gert1"]
[Result "0-1"]
[WhiteElo "1383"]
[BlackElo "1880"]
[PlyCount "70"]
[EventDate "2015.??.??"]
[EventType "swiss"]
[EventRounds "9"]
[EventCountry "DEN"]

1. e4 e6 2. Nc3 d5 3. e5 c5 4. f4 Nc6 5. Nf3 Qb6 6. d3 Bd7 7. a4 Rc8 8. Ra3 Na5
9. g4 h5 10. Nb5 hxg4 11. Ng5 g3 12. h3 c4 13. d4 Bxa3 14. Nxa3 Bxa4 15. Qf3 f6
16. Qxg3 fxg5 17. Qxg5 Qxd4 18. Qxg7 Qe4+ 19. Kf2 Qh7 20. Qg2 Bxc2 21. Be2 Be4
22. Bf3 a6 23. h4 Ne7 24. Qh3 Bxf3 25. Qxf3 Qe4 26. Qh3 Qf5 27. Qc3 Nac6 28.
Nc2 Ng6 29. Nd4 Nxd4 30. Qxd4 Qe4 31. Qb6 Qxh1 32. f5 Qxh4+ 33. Ke2 Qe4+ 34.
Be3 Rh2+ 35. Kd1 Qc2+ 0-1

[Event "Copenhagen Chess Challenge 2015"]
[Site "Ballerup"]
[Date "2015.??.??"]
[Round "7"]
[White "Nielsen, Thomas (1994)"]
[Black "Pawlak, Wojciech Zbigniew"]
[Result "0-1"]
[WhiteElo "1670"]
[BlackElo "1754"]
[PlyCount "78"]
[EventDate "2015.??.??"]
[EventType "swiss"]
[EventRounds "9"]
[EventCountry "DEN"]

1. c4 Nf6 2. Nf3 g6 3. b3 Bg7 4. Bb2 O-O 5. d3 d6 6. Nbd2 e5 7. h4 h5 8. Ng5 b6
9. Rg1 Nbd7 10. g3 Bb7 11. Bg2 Bxg2 12. Rxg2 Nc5 13. b4 Ne6 14. Nxe6 fxe6 15.
Qc2 Qe8 16. c5 Ng4 17. cxd6 cxd6 18. Rc1 Rc8 19. Qxc8 Qxc8 20. Rxc8 Rxc8 21.
Nc4 d5 22. Ne3 Nxe3 23. fxe3 Rc2 24. Ba3 Rxa2 25. Bc1 a5 26. bxa5 bxa5 27. g4
hxg4 28. Rxg4 Kh7 29. e4 Ra1 30. Kd2 Bh6+ 31. e3 Bxe3+ 32. Kxe3 Rxc1 33. exd5
exd5 34. Ra4 Rc5 35. d4 Rc4 36. Rxc4 dxc4 37. dxe5 Kg7 38. Kd4 Kf7 39. Kxc4 Ke6
0-1

[Event "Copenhagen Chess Challenge 2015"]
[Site "Ballerup"]
[Date "2015.??.??"]
[Round "7"]
[White "Andersen, Daniel"]
[Black "Aladiyur Paramasivan, Dharanidar"]
[Result "1-0"]
[WhiteElo "1870"]
[BlackElo "1427"]
[PlyCount "43"]
[EventDate "2015.??.??"]
[EventType "swiss"]
[EventRounds "9"]
[EventCountry "DEN"]

1. c4 e5 2. Nc3 f5 3. d4 exd4 4. Qxd4 Nc6 5. Qd1 Bb4 6. Bd2 Nf6 7. a3 Bxc3 8.
Bxc3 d6 9. g3 Bd7 10. Nf3 Qe7 11. Bg2 O-O-O 12. O-O Rhg8 13. b4 g5 14. b5 Ne5
15. Qa4 a6 16. Qb4 c5 17. bxc6 Bxc6 18. Bxe5 a5 19. Bxf6 Qxe2 20. Qd2 Bxf3 21.
Qxe2 Bxe2 22. Bxd8 1-0

[Event "Copenhagen Chess Challenge 2015"]
[Site "Ballerup"]
[Date "2015.??.??"]
[Round "8"]
[White "Tikkanen, Hans"]
[Black "Haub, Thorsten Michael"]
[Result "0-1"]
[WhiteElo "2535"]
[BlackElo "2412"]
[PlyCount "56"]
[EventDate "2015.??.??"]
[EventType "swiss"]
[EventRounds "9"]
[EventCountry "DEN"]

1. e4 g6 2. d4 Bg7 3. c4 d6 4. Nc3 Nd7 5. Nf3 e6 6. Be3 Ne7 7. Qd2 h6 8. Bd3 a6
9. O-O g5 10. Rad1 Ng6 11. e5 O-O 12. exd6 cxd6 13. Ne4 Nf6 14. Ng3 b5 15. cxb5
axb5 16. Nxg5 hxg5 17. Bxg5 Qe8 18. h4 Nh7 19. h5 Ne7 20. h6 Bh8 21. Qe2 Nxg5
22. f4 f5 23. fxg5 Bxd4+ 24. Kh1 Be5 25. Rf3 Qg6 26. Nf1 Bb7 27. Rh3 Nd5 28.
Qf3 Rab8 0-1

[Event "Copenhagen Chess Challenge 2015"]
[Site "Ballerup"]
[Date "2015.??.??"]
[Round "8"]
[White "Galyas, Miklos"]
[Black "Danielsen, Henrik"]
[Result "1/2-1/2"]
[WhiteElo "2449"]
[BlackElo "2520"]
[PlyCount "23"]
[EventDate "2015.??.??"]
[EventType "swiss"]
[EventRounds "9"]
[EventCountry "DEN"]

1. Nf3 d6 2. d4 g6 3. e4 Nf6 4. Nc3 Bg7 5. Be3 c6 6. Qd2 Qa5 7. Bd3 Bg4 8. e5
dxe5 9. Nxe5 Nbd7 10. h3 Be6 11. Nxd7 Nxd7 12. Ne4 1/2-1/2